000 00633nam a2200253Ia 4500
003 OSt
005 20220924134601.0
006 a|||||r|||| 00| 0
007 ta
008 220923b |||||||| |||| 00| 0 urd d
024 _a280425
037 _cTextual
040 _aARTS
_cARTS
_burd
041 _2urd
_aurd
082 _aS:52, 168F0
100 _aDaryabadi Abdul Majid Au.
245 0 _aFalsafa-e-Jazbat
260 _c1920
300 _a248p.
_ccm.
650 _a PSYCHOLOGY
650 _aEMOTIONS
_933181
942 _hS:52, 168F0
_cTEXL
_2CC
999 _c437922
_d437922